Places To Study
There are group study rooms, individual study carrels, computer labs, and other spaces to study in the Libraries.
Reserve A Group Room| 000 -LEADER | |
|---|---|
| fixed length control field | 00753nam a22001817a 4500 |
| 003 - CONTROL NUMBER IDENTIFIER | |
| control field | OSt |
| 005 - DATE AND TIME OF LATEST TRANSACTION | |
| control field | 20251206165119.0 |
| 008 - FIXED-LENGTH DATA ELEMENTS--GENERAL INFORMATION | |
| fixed length control field | 251206b |||||||| |||| 00| 0 eng d |
| 040 ## - CATALOGING SOURCE | |
| Transcribing agency | DCL |
| 082 ## - DEWEY DECIMAL CLASSIFICATION NUMBER | |
| Classification number | ၂၉၄.၃၈၂၄ |
| 100 0# - MAIN ENTRY--PERSONAL NAME | |
| Personal name | ဇနကာဘိဝံသ၊ |
| Titles and words associated with a name | အရှင်။ |
| 245 1# - TITLE STATEMENT | |
| Title | အခြေပြုသင်္ဂြိုဟ် / |
| Statement of responsibility, etc. | အရှင် ဇနကာဘိဝံသ။ |
| 250 ## - EDITION STATEMENT | |
| Edition statement | ဧကာဒသမအကြိမ်။ |
| 260 ## - PUBLICATION, DISTRIBUTION, ETC. | |
| Place of publication, distribution, etc. | အမရပူရ ၊ |
| Name of publisher, distributor, etc. | မဟာဂန္ဓာရုံစာပေ၊ |
| Date of publication, distribution, etc. | ၂၀၀၄။ |
| 300 ## - PHYSICAL DESCRIPTION | |
| Extent | စ၊ ၆၃၄ စာမျက်နှာ ၊ |
| Dimensions | ၁၈ စင်တီ။ |
| 650 ## - SUBJECT ADDED ENTRY--TOPICAL TERM | |
| Topical term or geographic name entry element | သင်္ဂြိုဟ် |
| 942 ## - ADDED ENTRY ELEMENTS (KOHA) | |
| Source of classification or shelving scheme | Dewey Decimal Classification |
| Koha item type | Short Term |
| Suppress in OPAC | No |
| Withdrawn status | Lost status | Source of classification or shelving scheme | Damaged status | Not for loan | Collection | Accession No. | Home library | Current library | Shelving location | Date acquired | Total checkouts | Full call number | Barcode | Date last seen | Price effective from | Koha item type |
|---|---|---|---|---|---|---|---|---|---|---|---|---|---|---|---|---|
| Dewey Decimal Classification | Myanmar Collection | ၁၂၅၁ | Dhammadhara | Dhammadhara | Myanmar Shelves | 06/12/2025 | ၂၉၄.၃၈၂၄ ဇ ၁၂၅၁(၁) | MB00001251 | 06/12/2025 | 06/12/2025 | Short Term | |||||
| Dewey Decimal Classification | Myanmar Collection | ၁၂၅၂ | Dhammadhara | Dhammadhara | Myanmar Shelves | 06/12/2025 | ၂၉၄.၃၈၂၄ ဇ ၁၂၅၂ (၂) | MB00001252 | 06/12/2025 | 06/12/2025 | Short Term | |||||
| Dewey Decimal Classification | Myanmar Collection | ၃၉၉၅ | Dhammadhara | Dhammadhara | Myanmar Shelves | 06/12/2025 | ၂၉၄.၃၈၂၄ ဇ ၃၉၉၅ (၃) | MB00003995 | 06/12/2025 | 06/12/2025 | Short Term | |||||
| Dewey Decimal Classification | Myanmar Collection | ၄၂၂၀ | Dhammadhara | Dhammadhara | Myanmar Shelves | 06/12/2025 | ၂၉၄.၃၈၂၄ ဇ ၄၂၂၀ (၄) | MB00004220 | 06/12/2025 | 06/12/2025 | Short Term |